Poor relations: the making of a Eurasian community in British India, 1773-1833 (Record no. 393283)

000 -LEADER
fixed length control field 00482cam a22001457a 4500
008 - FIXED-LENGTH DATA ELEMENTS--GENERAL INFORMATION
fixed length control field 180718b1996 xxu||||| |||| 00| 0 eng d
020 ## - INTERNATIONAL STANDARD BOOK NUMBER
International Standard Book Number 0700704256
082 ## - DEWEY DECIMAL CLASSIFICATION NUMBER
Classification number A6x54 H312
100 ## - MAIN ENTRY--PERSONAL NAME
Personal name Hawes, C.J.
245 ## - TITLE STATEMENT
Title Poor relations: the making of a Eurasian community in British India, 1773-1833
Statement of responsibility, etc. by C.J. Hawes
260 ## - PUBLICATION, DISTRIBUTION, ETC.
Place of publication, distribution, etc. Surrey
Name of publisher, distributor, etc. Curzon Press
Date of publication, distribution, etc. 1996
300 ## - PHYSICAL DESCRIPTION
Extent 217p.
650 ## - SUBJECT ADDED ENTRY--TOPICAL TERM
Topical term or geographic name entry element Anglo-Indians - India - History - 1773-1833
650 ## - SUBJECT ADDED ENTRY--TOPICAL TERM
Topical term or geographic name entry element Eurasians - India - History - 1773-1833
Holdings
Withdrawn status Lost status Damaged status Not for loan Permanent Location Current Location Date acquired Full call number Barcode Date last seen Price effective from Koha item type
        Indian Institute of Public Administration Indian Institute of Public Administration 2000-06-24 A6x54 H312 75349 2018-07-21 2018-07-21 Book

Powered by Koha